Podunajsko
Regionálna geografia Slovenska. Podunajsko - región ležiaci blízko rieky Dunaj. Dôležitejšie mestečká a obce tejto oblasti, ich kultúrno-historické pamiatky.
Na minha lista:
| Autor principal: | |
|---|---|
| Formato: | Capítulo de Livro |
| Idioma: | eslovaco |
| Assuntos: | |
| Tags: |
Sem tags, seja o primeiro a adicionar uma tag!
|
MARC
| LEADER | 00000naa$a2200000$$$4500 | ||
|---|---|---|---|
| 001 | 0108792 | ||
| 005 | 20231127085257.3 | ||
| 041 | 0 | |a slo | |
| 044 | |a SK | ||
| 245 | 1 | 0 | |a Podunajsko |c Ján Lacika |
| 520 | |a Regionálna geografia Slovenska. Podunajsko - región ležiaci blízko rieky Dunaj. Dôležitejšie mestečká a obce tejto oblasti, ich kultúrno-historické pamiatky. | ||
| 610 | 2 | 0 | |a Slovensko |
| 610 | 2 | 0 | |a regióny |
| 610 | 2 | 0 | |a informácie geografické |
| 610 | 2 | 0 | |a história |
| 610 | 2 | 0 | |a pamiatky |
| 610 | 2 | 0 | |a mestá |
| 100 | 1 | |a Lacika, Ján | |